00930cam a2200253 a 4500001000800000005001700008008004100025010001700066020002400083020003600107040001800143041000800161043003000169080001100199082001900210100000700229101000800236245021800244504002600462906004500488942001200533999001700545952011400562242359120180104034752.0871211s1988 dcua b 001 0 eng  a 87034851  a0870446274 :c$7.95 a0870446320 (lib. bdg.) :c$9.50 aDLCcDLCdDLC aeng an------an-mx---anc----- a970.0100a970.01 STU2191 a16 aHIS10aAmerica's ancient cities /cby Gene S. Stuart ; photographed by Richard Alexander Cooke III ; paintings by H. Tom Hall ; prepared by the Special Publications Division, National Geographic Society, Washington, D.C. aBibliography: p. 199. a7bcbccorignewd1eocipf19gy-gencatlg 2ddccBK c39658d39658 00102udc40708PËKGa002b002cPËKGd2018-01-04l0o970.01 STUp002-2994354r2018-01-04w2018-01-04yBK